[Event "Moscow op-B"]
[Site "Moscow"]
[Date "2009.02.06"]
[Round "7"]
[White "Ersin, Nurbek"]
[Black "Ahmadov, Vusal Karimkhan"]
[Result "0-1"]
[WhiteElo "1400"]
[BlackElo "1953"]
[PlyCount "54"]
[EventDate "2009.01.31"]
[EventType "swiss"]
[EventRounds "9"]
[EventCountry "RUS"]
[SourceTitle "EXT 2012"]
[Source "ChessBase"]
[SourceDate "2011.11.24"]
[SourceVersion "1"]
[SourceVersionDate "2011.11.24"]
[SourceQuality "1"]

1. e4 c5 2. Nf3 Nc6 3. d4 cxd4 4. Nxd4 Nf6 5. Nc3 e5 6. Nb3 Bb4 7. Bd3 0-0 8. 0-0 h6 9. Nd5 Be7 10. f4 d6 11. Qf3 Be6 12. Nxe7+ Qxe7 13. f5 Bxb3 14. axb3 Nd4 15. Qf2 Rfc8 16. Kh1 a6 17. h3 Qc7 18. Qh4 Nxc2 19. Bxc2 Qxc2 20. Bxh6 Qxe4 21. Qg5 Ne8 22. Rae1 f6 23. Qxg7+ Nxg7 24. Rxe4 Kf7 25. Rb4 b5 26. Rd1 Nxf5 27. Bd2 Rc2 0-1

[Event "Moscow op-B"]
[Site "Moscow"]
[Date "2009.02.05"]
[Round "6"]
[White "Andreev, Volodymyr"]
[Black "Ersin, Nurbek"]
[Result "1-0"]
[WhiteElo "1915"]
[BlackElo "1400"]
[PlyCount "57"]
[EventDate "2009.01.31"]
[EventType "swiss"]
[EventRounds "9"]
[EventCountry "RUS"]
[SourceTitle "EXT 2012"]
[Source "ChessBase"]
[SourceDate "2011.11.24"]
[SourceVersion "1"]
[SourceVersionDate "2011.11.24"]
[SourceQuality "1"]

1. e4 c5 2. f4 e6 3. Nf3 a6 4. c4 d6 5. g3 Nc6 6. d4 cxd4 7. Nxd4 Nf6 8. Nxc6 bxc6 9. Bg2 Bb7 10. Be3 Nd7 11. 0-0 Be7 12. Nc3 0-0 13. Qb3 Qc7 14. Rad1 c5 15. Qc2 Nb6 16. b3 Rfd8 17. f5 e5 18. Qe2 Nd7 19. g4 h6 20. Qd2 Qa5 21. Nd5 Qxd2 22. Nxe7+ Kf8 23. Ng6+ fxg6 24. fxg6+ Kg8 25. Rxd2 Nf6 26. Rfd1 Nxg4 27. Bxc5 Rac8 28. Bb6 Ne3 29. Bxe3 1-0